| 000 | 00575nam a2200181 i 4500 | ||
|---|---|---|---|
| 001 | 148970 | ||
| 003 | ES-MaACL | ||
| 005 | 20230906202907.0 | ||
| 007 | t| | ||
| 008 | 180129s1903 sp r ||||1| spa d | ||
| 100 | 1 |
_aCuyás Armengol, Arturo. _9148645 |
|
| 245 | 1 | 0 |
_aNuevo diccionario español-inglés, [inglés-español] / _cArturo Cuyás. |
| 260 |
_aBarcelona : _bBosch, _c1903. |
||
| 300 |
_a618 p. ; _c20 cm. |
||
| 650 | 0 | 4 |
_aLengua española- _vDiccionarios- _xInglés. _914142 |
| 650 | 0 | 4 |
_aLengua inglesa- _vDiccionarios- _xEspañol. _914270 |
| 852 |
_aES-MaACL _jA-916 |
||
| 999 |
_c148970 _d148970 |
||